| 000 | 00758nam a2200229Ia 4500 | ||
|---|---|---|---|
| 003 | GCL | ||
| 005 | 20240530103336.0 | ||
| 008 | 140319s9999 xx 000 0 ara d | ||
| 040 |
_aGCL / _cGCL |
||
| 082 | 0 | 4 |
_a940.18 _bر ت |
| 100 | 1 | _aرنسيمان، ستيفن | |
| 245 | 1 | 0 |
_aتاريخ الحروب الصليبية : _bالحرب الاولى وقيام مملكة بيت المقدس / _cرنسيمان، ستيفن |
| 260 | _c1993 | ||
| 300 |
_a575 ص؛ _c24 سم |
||
| 650 | 0 | 4 | _aتاريخ |
| 650 | 0 | 4 | _aالحروب الصليبية |
| 650 | 0 | 4 | _aالفتوحات الاسلامية |
| 650 | 0 | 4 | _aالتاريخ الاسلامى |
| 650 | 0 | 4 | _aالحروب |
| 700 | 1 |
_aالسيد الباز العرينى _eمترجم |
|
| 942 |
_2ddc _cBK |
||
| 999 |
_c38665 _d38665 |
||